Gomella's Neonatology: Management, Procedures, On-Call Problems, Diseases, and Drugs / (Record no. 595573)
[ view plain ]
| 000 -LEADER | |
|---|---|
| fixed length control field | 00389nam a22001217a 4500 |
| 040 ## - CATALOGING SOURCE | |
| Transcribing agency | DLC |
| 082 ## - DEWEY DECIMAL CLASSIFICATION NUMBER | |
| Classification number | 618.9201 |
| Author Mark | GOM |
| 245 ## - TITLE STATEMENT | |
| Title | Gomella's Neonatology: Management, Procedures, On-Call Problems, Diseases, and Drugs / |
| Remainder of title | Edited by Tricia Lacy Gomella [...eta l.] |
| 250 ## - EDITION STATEMENT | |
| Edition statement | 8th Edition. |
| 260 ## - PUBLICATION, DISTRIBUTION, ETC. | |
| Place of publication, distribution, etc. | New York : |
| Name of publisher, distributor, etc. | McGraw Hill, |
| Date of publication, distribution, etc. | 2020. |
| 300 ## - PHYSICAL DESCRIPTION | |
| Extent | 1439p. |
| Other physical details | ill: |
| Dimensions | 22cm |
| 942 ## - ADDED ENTRY ELEMENTS (KOHA) | |
| Source of classification or shelving scheme | |
| Koha item type | Book |
| Withdrawn status | Lost status | Source of classification or shelving scheme | Damaged status | Not for loan | Permanent Location | Current Location | Shelving location | Date acquired | Source of acquisition | Cost, normal purchase price | Full call number | Barcode | Date last seen | Copy number | Cost, replacement price | Price effective from | Koha item type |
|---|---|---|---|---|---|---|---|---|---|---|---|---|---|---|---|---|---|
| NUST School of Health Sciences (NSHS) | NUST School of Health Sciences (NSHS) | General Stacks | 08/16/2023 | Prince Books, Rawalpindi | 11950.00 | 618.9201 GOM | NSHS-1729 | 08/16/2023 | c.1 | 23900.00 | 08/16/2023 | Book |
